Ministros do STF (Supremo Tribunal Federal - Brasil) - Statistics

Estatísticas Gerais
  • Esse quiz foi jogado 72 vezes
  • A pontuação média é 8 de 11
Estatísticas das Respostas
Ministro % Correto
Alexandre de Moraes
89%
Carmen Lúcia
87%
Rosa Weber
87%
Gilmar Mendes
85%
Dias Toffoli
74%
Luiz Fux
72%
Luís Roberto Barroso
69%
Edson Fachin
66%
Ricardo Lewandowski
66%
Marco Aurélio Mello
59%
Celso de Mello
56%
Nenhum quiz correspondente encontrado
Distribuição das Pontuações
Porcentagem de Pessoas com Cada Pontuação
Percentil de Números Respondidos
Sua Pontuação Histórica
Você não jogou esse quiz